| 000 | 01064nam a2200301Ia 4500 | ||
|---|---|---|---|
| 003 | OSt | ||
| 005 | 20221007124124.0 | ||
| 006 | a|||||r|||| 00| 0 | ||
| 007 | ta | ||
| 008 | 221006b |||||||| |||| 00| 0 eng d | ||
| 020 | _a9783527320790 (hbd) | ||
| 024 | _a86204 | ||
| 037 |
_b2164, 22/10/2009, New India Book Agency _cTextbook |
||
| 040 |
_aCDL _cCDL _beng |
||
| 041 |
_2eng _aeng |
||
| 082 | _aE:88, P9 Carc | ||
| 100 |
_aOzkan Umit S Ed. _9718452 |
||
| 245 | 0 | _aDesign of heterogeneous catalysts:new Approaches based on synthesis, characterization and modeling | |
| 260 |
_aWeinheim _bWiley- VCH _c2009 |
||
| 300 |
_axvii, 322p. _ccm. |
||
| 500 | _aIncludes bibliographical references.; Index 315-322p. | ||
| 650 |
_a Heterogeneous catalysis _9718453 |
||
| 650 |
_a Industrial chemistry _9718454 |
||
| 650 |
_a Science- chemistry- industrial and technical _9718455 |
||
| 650 | _aChemistry | ||
| 942 |
_hE:88, P9 Carc _cTB _2CC |
||
| 999 |
_c1213027 _d1213027 |
||